00433nam a2200109Ia 4500008004100000020001500041100003100056245016200087250001200249260004300261300001900304180305s9999 xx 000 0 und d a9712328597 aCastillon-Boiser, Diosdada cMileah Devela, Leonarda G. Jamora, Christina S. Leuterio, Manual N. Maronilla, Ma.Reggie U. Perez, Analyn SalubaaStrategies for Teaching a Modular Approach/ a1st ed. aQuezon CitybRex Book Store Inc.c2000 aiii, 177 Pages